Israel: (Record no. 13173)
[ view plain ]
| 000 -LEADER | |
|---|---|
| fixed length control field | 00876cam a22002531 4500 |
| 001 - CONTROL NUMBER | |
| control field | 753075 |
| 005 - DATE AND TIME OF LATEST TRANSACTION | |
| control field | 20090518100503.0 |
| 008 - FIXED-LENGTH DATA ELEMENTS--GENERAL INFORMATION | |
| fixed length control field | 711012s1966 nyu |db 001 0 eng d |
| 010 ## - LIBRARY OF CONGRESS CONTROL NUMBER | |
| LC control number | 66020745 |
| 040 ## - CATALOGING SOURCE | |
| Original cataloging agency | DLC |
| Transcribing agency | DLC |
| Modifying agency | DLC |
| 043 ## - GEOGRAPHIC AREA CODE | |
| Geographic area code | a-is--- |
| 050 00 - LIBRARY OF CONGRESS CALL NUMBER | |
| Classification number | DS149 |
| Item number | .S476 |
| 082 00 - DEWEY DECIMAL CLASSIFICATION NUMBER | |
| Classification number | 320.54095694 |
| Edition number | 22 |
| Item number | SAN |
| 100 1# - MAIN ENTRY--PERSONAL NAME | |
| Personal name | Sanders, Ronald, |
| Dates associated with a name | d. 1991. |
| 9 (RLIN) | 10520 |
| 245 10 - TITLE STATEMENT | |
| Title | Israel: |
| Remainder of title | The View from Masada/ |
| Statement of responsibility, etc | Ronald Sanders |
| 260 ## - PUBLICATION, DISTRIBUTION, ETC. (IMPRINT) | |
| Place of publication, distribution, etc | New York: |
| Name of publisher, distributor, etc | Harper & Row, 1966 |
| Date of publication, distribution, etc | 1966 |
| 300 ## - PHYSICAL DESCRIPTION | |
| Extent | ix, 310 p.; |
| Dimensions | 23 cm. |
| 500 ## - GENERAL NOTE | |
| General note | Donated by: Alaa Abdel Ghany |
| 500 ## - GENERAL NOTE | |
| General note | Includes index |
| 650 #0 - SUBJECT ADDED ENTRY--TOPICAL TERM | |
| Topical term or geographic name as entry element | Zionism |
| General subdivision | History. |
| 9 (RLIN) | 10521 |
| 651 #0 - SUBJECT ADDED ENTRY--GEOGRAPHIC NAME | |
| Geographic name | Israel. |
| 9 (RLIN) | 10522 |
| 942 ## - ADDED ENTRY ELEMENTS (KOHA) | |
| Source of classification or shelving scheme | Dewey Decimal Classification |
| Item type | Book - Borrowing |
| Withdrawn status | Item status | Source of classification or shelving scheme | Damaged status | Not for loan | Vendor | Home library | Current library | Shelving location | Date acquired | Source of acquisition | Total Checkouts | Total Renewals | Full call number | Barcode | Date last seen | Date last borrowed | Koha item type |
|---|---|---|---|---|---|---|---|---|---|---|---|---|---|---|---|---|---|
| Dewey Decimal Classification | Central Library | Central Library | First floor | 20/01/2010 | Donation | 10 | 44 | 320.54095694 SAN | 000019507 | 15/07/2025 | 28/02/2022 | Book - Borrowing |